| 000 | 00528nam a2200169 4500 | ||
|---|---|---|---|
| 001 | 137526 | ||
| 003 | ES-MaACL | ||
| 005 | 20230906195405.0 | ||
| 007 | t| | ||
| 008 | 070214s1945 sp r ||||1| spa d | ||
| 100 | 1 |
_aSánchez Cantón, Francisco Javier, _d1891-1971 _9102521 |
|
| 245 | 1 | 0 |
_aMuseo del Prado _b: catálogo de los cuadros / _cFrancisco Javier Sánchez Cantón. |
| 260 |
_aMadrid : _bBlass, _c1945. |
||
| 300 |
_aXVIII, 850 p. ; _c18 cm. |
||
| 852 |
_aES-MaACL _jB-10472 _bR.21631 |
||
| 999 |
_c137526 _d137526 |
||